| 000 | 00573nam a2200145Ia 4500 | ||
|---|---|---|---|
| 008 | 170221s9999 xx 000 0 und d | ||
| 100 | _aOlga A. Koryakovtseva | ||
| 245 | _aResearch of Category "Motivation" as a Basic Tool of Personnel Management | ||
| 245 | _cOlga A. Koryakovtseva, Iuliia I. Doronina, Tatiana M. Panchenko, Irina S. Karabulatova, Zishana M. Abdullina | ||
| 260 | _bInternational Review of Management and Marketing | ||
| 260 | _c2016 | ||
| 300 | _a15 : 8 | ||
| 650 | _xMarketing. | ||
| 856 | _uhttp://www.econjournals.com/index.php/irmm/issue/view/70 | ||
| 999 |
_c312245 _d312245 |
||